• 首页
  • 本馆介绍
  • 公告通知
  • 最新文献
  • 馆藏检索
  • 电子资源
  • 读者导购
  • 参考咨询
  • 我的图书馆
  • 登录
  • 详细信息显示
  • 放入我的书架
  • 预约/预借图书
  • 作者相关作品
  • 分类相关作品
  • 丛书相关作品
  • 出版社相关作品

书目信息

  • 表格格式
  • 工作单格式
  • 卡片格式
题名:
白酒生产技术
    
 
作者: 肖冬光 主编
分册:  
出版信息: 北京   化学工业出版社  2005
页数: 292页
开本: 26cm
丛书名: 酒类生产技术丛书
单 册:
中图分类: TS262.3
科图分类:
主题词: 白酒--酿造 , 白酒 , 酿造
电子资源:
ISBN: 7-5025-6850-6
000 00905oam2 2200277 450
001 012007698846
005 20070523092039.48
010    @a7-5025-6850-6@dCNY35.00
100    @a20070515d2005 km y0chiy0120 ea
101 0  @achi
102    @aCN@b110000
105    @ay z 000yy
106    @ar
200 1  @a白酒生产技术@Abai jiu sheng chan ji shu@f肖冬光主编@Fxiao dong guang zhu bian
210    @a北京@c化学工业出版社@d2005
215    @a292页@d26cm
225 2  @a酒类生产技术丛书
330    @a本书共分十一章,主要介绍了当前我国白酒行业的现状与实际生立技术,内容涉及白酒生产原料、白酒生产机理、糖化发酵剂生产技术等,附录中还列出了各类香型白酒的国家标准与行业标准。
461  0 @12001 @a酒类生产技术丛书
606 0  @a白酒@x酿造
606 0  @a白酒
606 0  @a酿造
690    @aTS262.3@v4
701  0 @a肖冬光@Axiao dong guang@4主编
801  0 @aCN@bRULIN@c20070523
905    @dTS262.3@e86@s10
    
    白酒生产技术/肖冬光主编.-北京:化学工业出版社,2005
    292页;26cm .-(酒类生产技术丛书)
    
    
    ISBN 7-5025-6850-6:CNY35.00
    本书共分十一章,主要介绍了当前我国白酒行业的现状与实际生立技术,内容涉及白酒生产原料、白酒生产机理、糖化发酵剂生产技术等,附录中还列出了各类香型白酒的国家标准与行业标准。
●
相关链接 在E读中查询图书 在五车中查询图书 在当当中查询图书 在豆瓣中查询图书


正题名:白酒生产技术     索取号:TS262.3/86         预约/预借

序号 登录号 条形码 馆藏地/架位号 状态 备注
1 0576866   205768668   第二样本阅览室/ [索取号:TS262.3/86] 在馆    
2 0576867   205768677   第三借阅区/ [索取号:TS262.3/86] 在馆    
3 0576868   205768686   第三借阅区/ [索取号:TS262.3/86] 在馆    
4 0576869   205768695   第三借阅区/ [索取号:TS262.3/86] 在馆    
5 0576870   205768702   第三借阅区/ [索取号:TS262.3/86] 在馆    
6 0576871   205768711   第三借阅区/ [索取号:TS262.3/86] 在馆    
7 0576872   205768720   第三借阅区/ [索取号:TS262.3/86] 在馆    
8 0576873   205768739   第三借阅区/ [索取号:TS262.3/86] 在馆    
9 0576874   205768748   第三借阅区/ [索取号:TS262.3/86] 在馆    
10 0576875   205768757   第三借阅区/ [索取号:TS262.3/86] 在馆    
唐山师范学院图书馆 欢迎您!
大连网信软件有限公司© 版权所有